Social background as an indicator to the votes of Supreme Court justices in criminal cases: 1947-1956 terms

Gespeichert in:  
Bibliographische Detailangaben
1. VerfasserIn: Ulmer, S. Sidney 1923-2018 (Verfasst von)
Medienart: Elektronisch Aufsatz
Sprache:Englisch
Veröffentlicht: 1973
In: American journal of political science
Jahr: 1973, Band: 17, Heft: 3, Seiten: 622-630
Online-Zugang: Volltext (lizenzpflichtig)
Verfügbarkeit prüfen: HBZ Gateway

MARC

LEADER 00000caa a22000002c 4500
001 1912705222
003 DE-627
005 20250129055019.0
007 cr uuu---uuuuu
008 241217s1973 xx |||||o 00| ||eng c
035 |a (DE-627)1912705222 
035 |a (DE-599)KXP1912705222 
040 |a DE-627  |b ger  |c DE-627  |e rda 
041 |a eng 
084 |a 2,1  |2 ssgn 
100 1 |a Ulmer, S. Sidney  |d 1923-2018  |e VerfasserIn  |0 (DE-588)12424873X  |0 (DE-627)085735930  |0 (DE-576)294087052  |4 aut 
109 |a Ulmer, S. Sidney 1923-2018  |a Sidney Ulmer, S. 1923-2018  |a Sidney-Ulmer, S. 1923-2018  |a Ulmer, S. S. 1923-2018 
245 1 0 |a Social background as an indicator to the votes of Supreme Court justices in criminal cases: 1947-1956 terms 
264 1 |c 1973 
336 |a Text  |b txt  |2 rdacontent 
337 |a Computermedien  |b c  |2 rdamedia 
338 |a Online-Ressource  |b cr  |2 rdacarrier 
773 0 8 |i Enthalten in  |t American journal of political science  |d Hoboken, NJ : Wiley, 1973  |g 17(1973), 3, Seite 622-630  |h Online-Ressource  |w (DE-627)311822215  |w (DE-600)2010010-3  |w (DE-576)094425396  |x 1540-5907  |7 nnas 
773 1 8 |g volume:17  |g year:1973  |g number:3  |g pages:622-630 
787 0 8 |i Forschungsdaten  |a Spaeth, Harold J.  |t Expanded United States Supreme Court Judicial Database, 1946-1968 Terms  |d [Erscheinungsort nicht ermittelbar] : [Verlag nicht ermittelbar], 1996  |w (DE-627)1840064803 
856 4 0 |u http://www.jstor.org/stable/2110748  |x Verlag  |z lizenzpflichtig  |3 Volltext  |7 1 
935 |a mkri 
951 |a AR 
ELC |a 1 
LOK |0 000 xxxxxcx a22 zn 4500 
LOK |0 001 4637670780 
LOK |0 003 DE-627 
LOK |0 004 1912705222 
LOK |0 005 20241217045008 
LOK |0 008 241217||||||||||||||||ger||||||| 
LOK |0 035   |a (DE-2619)ICPSR30653 
LOK |0 040   |a DE-2619  |c DE-627  |d DE-2619 
LOK |0 092   |o n 
LOK |0 852   |a DE-2619 
LOK |0 852 1  |9 00 
LOK |0 935   |a nacp 
LOK |0 939   |a 17-12-24  |b l01 
ORI |a SA-MARC-krimdoka001.raw